00373nam a2200145Ia 4500008004100000041001200041082001600053100001800069245006600087250000800153260003100161300000800192650000800200700001900208221030s9999 xx 000 0 und d aEnglish a105.23bKha aG. K. Kharate 0aElectromagnetic Engineeringcby G. K. Kharate, S. S. Narkhede a2nd bTechnical Pub.aPunec2001 a559 aEMT aS. S. Narkhede